书目信息 |
| 题名: |
幼儿舞蹈创编
|
|
| 作者: | 张燕萍 主编 | |
| 分册: | ||
| 出版信息: | 长春 东北师范大学出版社 2003 |
|
| 页数: | 166页 | |
| 开本: | 20cm | |
| 丛书名: | 幼儿园教师继续教育丛书 | |
| 单 册: | ||
| 中图分类: | G613.5 , G61 | |
| 科图分类: | ||
| 主题词: | 儿童歌舞--舞蹈编导--幼儿园--教学参考资料 , 儿童歌舞 , 舞蹈编导 | |
| 电子资源: | ||
| ISBN: | 7-5602-3242-6 | |
| 000 | 00890oam2 2200277 450 | |
| 001 | 1560223529 | |
| 005 | 20150126164411.14 | |
| 010 | @a7-5602-3242-6@dCNY7.50 | |
| 100 | @a20030922d2003 em y0chiy50 ea | |
| 101 | 0 | @achi |
| 102 | @aCN@b220000 | |
| 105 | @ay z 000yy | |
| 200 | 1 | @a幼儿舞蹈创编@9you er wu dao chuang bian@f张燕萍主编 |
| 210 | @a长春@c东北师范大学出版社@d2003 | |
| 215 | @a166页@d20cm | |
| 225 | 2 | @a幼儿园教师继续教育丛书 |
| 330 | @a本书讲述了幼儿舞蹈的特性与种类、幼儿自娱性舞蹈的创编、幼儿表演性舞蹈的创编、创编幼儿舞蹈的教师应具有的修养等八部分内容。 | |
| 461 | 0 | @12001 @a幼儿园教师继续教育丛书 |
| 606 | 0 | @a儿童歌舞@x舞蹈编导@x幼儿园@j教学参考资料 |
| 606 | 0 | @a儿童歌舞 |
| 606 | 0 | @a舞蹈编导 |
| 690 | @aG613.5@v5 | |
| 690 | @aG61@v4 | |
| 701 | 0 | @a张燕萍@9zhang yan ping@c(幼教)@4主编 |
| 801 | 0 | @aCN@bTSSF@c20150126 |
| 905 | @aZUCC@dG61@eJY164 | |
| 幼儿舞蹈创编/张燕萍主编.-长春:东北师范大学出版社,2003 |
| 166页;20cm.-(幼儿园教师继续教育丛书) |
| ISBN 7-5602-3242-6:CNY7.50 |
| 本书讲述了幼儿舞蹈的特性与种类、幼儿自娱性舞蹈的创编、幼儿表演性舞蹈的创编、创编幼儿舞蹈的教师应具有的修养等八部分内容。 |
| ● |
| 相关链接 |
|
|
|
|
正题名:幼儿舞蹈创编
索取号:G61/JY164
 
预约/预借
| 序号 | 登录号 | 条形码 | 馆藏地/架位号 | 状态 | 备注 |
| 1 | 7838859 | 278388594 | 学院路分馆/ [索取号:G61/JY164] | 在馆 |